<?xml version="1.0" encoding="UTF-8"?>
<record
    xmlns:xsi="http://www.w3.org/2001/XMLSchema-instance"
    xsi:schemaLocation="http://www.loc.gov/MARC21/slim http://www.loc.gov/standards/marcxml/schema/MARC21slim.xsd"
    xmlns="http://www.loc.gov/MARC21/slim">

  <leader>03587cam a2200481 a 4500</leader>
  <controlfield tag="001">ocn162577836</controlfield>
  <controlfield tag="003">OCoLC</controlfield>
  <controlfield tag="005">20250131161453.0</controlfield>
  <controlfield tag="006">m     o  d        </controlfield>
  <controlfield tag="007">cr cn|||||||||</controlfield>
  <controlfield tag="008">070806s1999    enka    ob    001 0 eng d</controlfield>
  <datafield tag="020" ind1=" " ind2=" ">
    <subfield code="a">9780340719206</subfield>
  </datafield>
  <datafield tag="020" ind1=" " ind2=" ">
    <subfield code="a">0340719206</subfield>
  </datafield>
  <datafield tag="020" ind1=" " ind2=" ">
    <subfield code="a">0080518001</subfield>
    <subfield code="q">(e-book)</subfield>
  </datafield>
  <datafield tag="020" ind1=" " ind2=" ">
    <subfield code="a">9780080518008</subfield>
    <subfield code="q">(e-book)</subfield>
  </datafield>
  <datafield tag="020" ind1=" " ind2=" ">
    <subfield code="z">0470379804</subfield>
    <subfield code="q">(Wiley)</subfield>
  </datafield>
  <datafield tag="020" ind1=" " ind2=" ">
    <subfield code="z">9780470379806</subfield>
    <subfield code="q">(Wiley)</subfield>
  </datafield>
  <datafield tag="040" ind1=" " ind2=" ">
    <subfield code="a">KO</subfield>
    <subfield code="b">eng</subfield>
  </datafield>
  <datafield tag="041" ind1="0" ind2=" ">
    <subfield code="a">eng</subfield>
  </datafield>
  <datafield tag="082" ind1="0" ind2="4">
    <subfield code="a">620.1/1</subfield>
    <subfield code="2">22</subfield>
  </datafield>
  <datafield tag="100" ind1="1" ind2=" ">
    <subfield code="a">Case, John,</subfield>
    <subfield code="d">1888-1969.</subfield>
    <subfield code="1">https://id.oclc.org/worldcat/entity/E39PBJgXgMGt7WPcxmfKW9Gyh3</subfield>
  </datafield>
  <datafield tag="245" ind1="1" ind2="0">
    <subfield code="a">Strength of materials and structures /</subfield>
  </datafield>
  <datafield tag="250" ind1=" " ind2=" ">
    <subfield code="a">4th ed.</subfield>
  </datafield>
  <datafield tag="260" ind1=" " ind2=" ">
    <subfield code="a">London ;</subfield>
    <subfield code="a">New York :</subfield>
    <subfield code="b">Arnold,</subfield>
    <subfield code="c">1999.</subfield>
  </datafield>
  <datafield tag="300" ind1=" " ind2=" ">
    <subfield code="a">1 online resource (xii, 706 pages) :</subfield>
    <subfield code="b">illustrations</subfield>
  </datafield>
  <datafield tag="338" ind1=" " ind2=" ">
    <subfield code="a">online resource</subfield>
  </datafield>
  <datafield tag="520" ind1=" " ind2=" ">
    <subfield code="a">Engineers need to be familiar with the fundamental principles and concepts in materials and structures in order to be able to design structurers to resist failures. For 4 decades, this book has provided engineers with these fundamentals. Thoroughly updated, the book has been expanded to cover everything on materials and structures that engineering students are likely to need. Starting with basic mechanics, the book goes on to cover modern numerical techniques such as matrix and finite element methods. There is also additional material on composite materials, thick shells, flat plates and the vibrations of complex structures. Illustrated throughout with worked examples, the book also provides numerous problems for students to attempt. New edition introducing modern numerical techniques, such as matrix and finite element methods Covers requirements for an engineering undergraduate course on strength of materials and structures.</subfield>
  </datafield>
  <datafield tag="505" ind1="0" ind2=" ">
    <subfield code="a">Preface * Introduction * Tension and compression: direct stress * Pin-jointed frames or trusses * Shearing stress * Joints and connections * Analysis of stress and strain * Thin shells under internal pressure * Bending moments and shearing forces * Geometrical properties of cross-sections * Longitudinal stresses in beams * Shearing stresses in beams * Beams of two materials * Bending stresses and direct stresses combined * Deflections of beams * Built-in and continuous beams * Plastic bending of mild-steel beams * Torsion of circular shafts and thin-walled tubes * Energy methods * Buckling of columns and beams * Lateral deflections of circular plates * Torsion of non-circular sections * Thick circular cylinders, discs and spheres * Introduction to matrix algebra * Matrix methods of structural analysis * The finite element method * Structural vibrations.</subfield>
  </datafield>
  <datafield tag="500" ind1=" " ind2=" ">
    <subfield code="a">First edition published in 1959 under title: Strength of materials.</subfield>
  </datafield>
  <datafield tag="504" ind1=" " ind2=" ">
    <subfield code="a">Includes bibliographical references.</subfield>
  </datafield>
  <datafield tag="650" ind1=" " ind2="0">
    <subfield code="a">Strength of materials.</subfield>
  </datafield>
  <datafield tag="650" ind1=" " ind2="6">
    <subfield code="a">R&#xFFFD;esistance des mat&#xFFFD;eriaux.</subfield>
    <subfield code="0">(CaQQLa)201-0017561</subfield>
  </datafield>
  <datafield tag="650" ind1=" " ind2="7">
    <subfield code="a">strength of materials.</subfield>
    <subfield code="2">aat</subfield>
    <subfield code="0">(CStmoGRI)aat300056201</subfield>
  </datafield>
  <datafield tag="650" ind1=" " ind2="7">
    <subfield code="a">Strength of materials</subfield>
    <subfield code="2">fast</subfield>
    <subfield code="0">(OCoLC)fst01134837</subfield>
  </datafield>
  <datafield tag="650" ind1=" " ind2="7">
    <subfield code="a">Festigkeitslehre</subfield>
    <subfield code="2">gnd</subfield>
    <subfield code="0">(DE-588)4016917-0</subfield>
  </datafield>
  <datafield tag="700" ind1="1" ind2=" ">
    <subfield code="a">Chilver, Henry Chilver,</subfield>
    <subfield code="c">Baron,</subfield>
    <subfield code="d">1926-2012.</subfield>
    <subfield code="1">https://id.oclc.org/worldcat/entity/E39PBJgCFYvTCVjCQkPyWgCbBP</subfield>
  </datafield>
  <datafield tag="700" ind1="1" ind2=" ">
    <subfield code="a">Ross, C. T. F.,</subfield>
    <subfield code="d">1935-</subfield>
    <subfield code="1">https://id.oclc.org/worldcat/entity/E39PCjHjRPqX9r9y4J3WKmDrMP</subfield>
  </datafield>
  <datafield tag="852" ind1=" " ind2=" ">
    <subfield code="a">KO</subfield>
  </datafield>
  <datafield tag="856" ind1="4" ind2="0">
    <subfield code="3">ScienceDirect</subfield>
    <subfield code="u">https://www.sciencedirect.com/science/book/9780340719206</subfield>
  </datafield>
  <datafield tag="904" ind1=" " ind2=" ">
    <subfield code="a">RUDRA_R</subfield>
  </datafield>
  <datafield tag="905" ind1=" " ind2=" ">
    <subfield code="a">R_RANJAN</subfield>
  </datafield>
  <datafield tag="942" ind1=" " ind2=" ">
    <subfield code="c">EB</subfield>
  </datafield>
  <datafield tag="999" ind1=" " ind2=" ">
    <subfield code="c">3278</subfield>
    <subfield code="d">3278</subfield>
  </datafield>
</record>
